| 000 | 00000nam##2200000za#4500 |
| 001 | 9.574692 |
| 003 | CaOODSP |
| 005 | 20210624184316 |
| 007 | cr ||||||||||| |
| 008 | 150406|2006||||xxc|||||o f|0| 0 eng|d |
| 040 | |aCaOODSP|beng |
| 043 | |an-cn--- |
| 086 | 1 |aT41-1/42E-PDF |
| 110 | 1 |aCanada. |bTransport Canada. |
| 245 | 14|aThe links between public health and sustainable and active transportation |h[electronic resource] |
| 260 | |aOttawa - Ontario : |bTransport Canada |cDecember 2006. |
| 300 | |a8p.|bgraphs, references, tables |
| 490 | 1 |aCase studies in sustainable transportation |v[Case study 42] |
| 500 | |aAt head of title: Urban Transportation Showcase Program. |
| 590 | |a12-35-Supp|b2012-08-09 |
| 775 | 08|tLes liens entre la santé publique et le transport durable et actif |w(CaOODSP)9.604427 |
| 830 | #0|aCase studies in sustainable transportation ;|v[Case study 42]|w(CaOODSP)9.506851 |
| 856 | 40|ahttp://publications.gc.ca|qPDF|s303 KB|uhttps://publications.gc.ca/collections/collection_2012/tc/T41-1-42-eng.pdf|y[Case study 42] |